LEADER 01728nam a2200337 u 4500 001 000000118212 003 CaOOAMICUS 005 20091123101047.0 008 091123s2009 it u000 u ita r 020 $a978-88-7094-636-9 040 $aPUL$bita$dReb 041 0 $aita$agrc 130 0 $aDidachè.$lItaliano e greco.$0(OLS)http://pul/title/20248 245 13$aLa dottrina dei dodici apostoli (Didachè) /$cIntroduzione, testo critico, traduzione, note, appendice e indici di Willy Rordorf e André Tuilier ; traduzione italiana di Maria Benedetta Artioli. 250 $aSeconda edizione rivista e aumentata. 260 $aRoma :$bEdizioni San Clemente ;$aBologna :$bEdizioni Studio Domenicano,$c2009. 300 $a301 p. ;$c20 cm 490 1 $aSources chrétiennes. Edizione italiana ;$v06. 500 $aComprende riferimenti bibliografici e indice. 630 04$aDidachè$xCritica e interpretazione.$0(OLS)http://pul/subject/35876 700 1 $aRordorf, Willy.$0(OLS)http://pul/name/1531 700 1 $aTuilier, André.$0(OLS)http://pul/name/8916 700 1 $aArtioli, Maria Benedetta.$0(OLS)http://pul/name/52942 830 0$aSources chrétiennes. Edizione italiana ;$v06.$0(OLS)http://pul/title/142077 850 $aPUL 852 $aPUL$W1$xSL Religione 3$y85$m270. 1 COLL 2.6$j135652$qDDC 21$B134628$CPULBib$Z2$F134628 $H111614 $82 941 1 $a9 996 $6020$a978-88-7094-636-9$9(OLS)http://pul/number/142458 996 $6245$aLa dottrina dei dodici apostoli (Didachè)$9(OLS)http://pul/title/148782 996 $6260$aRoma :$bEdizioni San Clemente$9(OLS)http://pul/publisher/80048 996 $6260$aBologna :$bEdizioni Studio Domenicano$9(OLS)http://pul/publisher/49136 LEADER 01089nam a2200277 u 4500 001 000000081667 003 CaOOAMICUS 005 20070226123759.0 008 050330q1922 fr u000 u fre u 035 $a11036230 040 $aPUL(R)$bita 100 1 $aTermier, Pierre,$d1859-$0(OLS)http://pul/name/44115 245 10$aA la gloire de la terre :$bsouvenirs d'un géologue /$cPierre Termier. 250 $a10. éd. 260 $aParis :$bDesclée de Brouwer,$c1922. 300 $a425 p.; ;$c21 cm 490 1 $aBibliothèque française de philosophie 500 $aContiene indice. 504 $aBibliografia in nota. 650 4$aGeologia.$0(OLS)http://pul/subject/21676 830 0$aBibliothèque française de philosophie.$0(OLS)http://pul/title/7899 850 $aPUL 852 $aPUL$W1$xDP1 Fondo Cecchetti$y53$m260 D 27.2$j104142$nBK-PRI$qFondi$B104142$CPULBib$Z2$F104142 $81 941 1 $a1 996 $6245$aA la gloire de la terre :$bsouvenirs d'un géologue$9(OLS)http://pul/title/106775 996 $6260$aParis :$bDesclée de Brouwer$9(OLS)http://pul/publisher/49456